Optica geométrica: problemas

Збережено в:
Бібліографічні деталі
Автори: Escofet Soteras, Jaume (Автор), Millán García Varela, María Sagrario (Автор), Lupón Bas, Marta (Автор)
Формат: Книга
Мова:Іспанська
Опубліковано: Barcelona UPC 1930
Редагування:2a. ed
Серія:Colección Aula Práctica, 21
Предмети:
Теги: Додати тег
Немає тегів, Будьте першим, хто поставить тег для цього запису!

MARC

LEADER 00000nam a2200000 a 4500
001 UCQ7699
003 CL-VaPUC
008 981113e19300000SP |||||||||||||||||spa|d
082 0 4 |a 535.32  |b ESC  |2 21 
100 0 |a Escofet Soteras, Jaume  |e author  |9 421451 
700 0 |a Millán García Varela, María Sagrario  |e author  |9 421452 
700 0 |a Lupón Bas, Marta  |e author  |9 421453 
245 1 0 |a Optica geométrica: problemas 
250 |a 2a. ed 
300 |a 371 p 
942 |c BK 
945 |d 19981113 00:00:00  |a rbrito 
260 |a Barcelona  |b UPC  |c 1930 
650 0 |a Optica geométrica  |9 355299 
650 7 |a LENTES  |2 CL-VaPUC  |9 392940 
650 7 |a FOTOMETRIA  |2 CL-VaPUC  |9 266495 
650 7 |a RADIOMETRIA  |2 CL-VaPUC  |9 360500 
650 7 |a PRISMA  |2 CL-VaPUC  |9 421454 
650 7 |a DIAFRAGMA  |2 CL-VaPUC  |9 406429 
650 7 |a REFRACCION  |2 CL-VaPUC  |9 421455 
583 |a last modification  |c 19981113 00:00:00  |k Rodrigo Vera 
490 0 |a Colección Aula Práctica, 21 
999 |c 277160  |d 277158 
952 |0 0  |1 0  |4 0  |6 535_320000000000000_ESC_1930  |7 0  |8 A  |9 314960  |a BIBCUR  |b BIBCUR  |d 2019-11-20  |i 3472663  |o 535.32 ESC 1930  |p 3472663  |r 2025-04-22  |w 2019-11-20  |y BK  |k TEM 
952 |0 0  |1 0  |4 0  |6 535_320000000000000_ESC_1930  |7 0  |8 A  |9 314961  |a BIBCUR  |b BIBCUR  |d 2019-11-20  |i 3472671  |o 535.32 ESC 1930  |p 3472671  |r 2025-04-22  |w 2019-11-20  |y BK  |k TEM 
952 |0 0  |1 0  |4 0  |6 535_320000000000000_ESC_1930  |7 0  |8 A  |9 314962  |a BIBCUR  |b BIBCUR  |d 2019-11-20  |i 347268K  |l 1  |o 535.32 ESC 1930  |p 347268K  |r 2025-04-22  |s 2022-05-23  |w 2019-11-20  |y BK  |k TEM